|
|
|
|
| LEADER |
00000cam a2200000 a 4500 |
| 001 |
vtls008326128 |
| 003 |
SK-MaSNL |
| 005 |
20260301142052.0 |
| 008 |
250414s1960 xo a 000 0bslo |
| 015 |
|
|
|a SNBA1961/03-00525
|
| 035 |
|
|
|a SK01SNK19610018345
|
| 035 |
|
|
|a urn:nbn:sk:snk-am3ih6k
|
| 035 |
|
|
|a F34C8275-90BA-497E-832D-6D3010EF95A1
|
| 035 |
|
|
|a urn:nbn:sk:snk-am00edvw
|
| 035 |
|
|
|a SKM000020808
|
| 040 |
|
|
|a SNK
|b slo
|c SNK
|e AACR2
|
| 041 |
0 |
|
|a slo
|
| 044 |
|
|
|a xo
|c SK
|
| 080 |
|
|
|a 75(47)(084.1):929
|2 1981
|
| 080 |
|
|
|a 929 Serov, Valentin Aleksandrovič
|2 1981
|
| 100 |
1 |
|
|a Fiala, Vladimír,
|d 1922-1997
|4 aut
|9 131673
|
| 245 |
1 |
0 |
|a Serov
|c Fiala Vladimír
|
| 250 |
|
|
|a 1. vyd.
|
| 260 |
|
|
|a Bratislava
|b Slovenské vydavateľstvo krásnej literatúry
|c 1960
|e Martin
|f Tlačiarne SNP
|
| 300 |
|
|
|a 122, [2] s.
|c 8°
|
| 366 |
|
|
|e 1500 výtl.
|
| 490 |
1 |
|
|a Knižnica výtvarného umenia
|v zv. 25
|
| 500 |
|
|
|a Zoznam reprodukcií
|
| 504 |
|
|
|a Obsahuje bibliografiu
|
| 600 |
1 |
7 |
|a Serov, Valentin Aleksandrovič,
|d 1865-1911
|2 SNKMA
|9 198521
|
| 650 |
0 |
7 |
|a maliari
|2 SNKPH
|9 3150
|
| 651 |
|
7 |
|a Rusko
|2 SNKPHgeo
|9 17250
|
| 655 |
|
7 |
|a obrazové publikácie
|2 SNKPH
|9 70343
|
| 830 |
|
0 |
|a Knižnica výtvarného umenia
|9 308948
|
| 852 |
|
|
|a Slovenská národná knižnica
|
| 954 |
|
|
|a obrazové publikácie zamerané na výtv. umenie a fotografiu pôvodné (slovenské)
|2 lita
|
| 958 |
|
|
|a EUIPO
|
| 958 |
|
|
|a OND
|
| 958 |
|
|
|a BC
|
| 958 |
|
|
|a NB
|
| 958 |
|
|
|a RU
|
| 999 |
|
|
|c 769036
|d 770966
|
| 952 |
|
|
|a SNK
|b SNK
|y PREZ
|7 0
|p 17A0843651
|o snkSC 15063
|i snkKSP 329/61
|0 0
|1 0
|4 0
|d 2020-06-24
|f 1
|l 0
|r 2025-07-16 00:00:00
|w 2026-02-24
|
| 952 |
|
|
|a SNK
|b SNK
|y VYP
|7 0
|o snkSC 15063 D1
|0 0
|1 0
|4 0
|d 2020-06-24
|l 0
|r 2026-02-24 00:29:41
|w 2026-02-24
|